Movies Quiz

Random Movies or Actor Quiz

1920s Movie Stars Quiz Stats

 Plays Quiz not verified by Sporcle

Score 0/15 Timer 06:00
0 Plays Today
% Correct
Charlie Chaplin
96.1%
Joseph 'Buster' Keaton
88.9%
Rudolph Valentino
80.2%
Greta Garbo
78.7%
Mary Pickford
74.3%
Roscoe 'Fatty' Arbuckle
68%
Clara Bow
67.4%
Douglas Fairbanks
53.6%
% Correct
Myrna Loy
49.1%
Gloria Swanson
38%
Norma Shearer
29.6%
Wallace Beery
28.4%
William S. Hart
17.1%
Fay Wray
16.2%
Vilma Bánky
6.6%

You're not logged in!

Compare scores with friends on all Sporcle quizzes.
OR
Log In

You Might Also Like...

Show Comments

Extras

Curator's Pick Jul 8, 2018ReportNominate
Tags:Actor Quiz, Decade Quiz, 1920s, 1930s, Movie Stars

Top Quizzes Today


Score Distribution

Your Account Isn't Verified!

In order to create a playlist on Sporcle, you need to verify the email address you used during registration. Go to your Sporcle Settings to finish the process.

Report this User

Report this user for behavior that violates our Community Guidelines.

Details: